000 00396nam a2200145 a 4500
005 20140414131933.0
008 110112s19uu xx 00 eng d
050 _aREF 520
_bC16 2002
245 _aWhich lizard disappears? :
_bReptiles and birds.
260 _aNashville, Tennessee :
_bMiles Kelly,
_c2004.
440 _aAsk me why
650 _aReptiles
_x
650 _aBirds
999 _c112291
_d112291